000 00300nam a2200133Ia 4500
008 221030s9999 xx 000 0 und d
041 _aEnglish
100 _aA. Leon
245 0 _aDatabase Management Systems
_cby A. Leon, M. Leon
260 _c0
650 _aB
700 _aM. Leon
942 _cBK
999 _c16556
_d16556